| 000 | 00440nam a2200169Ia 4500 | ||
|---|---|---|---|
| 008 | 260407s2024 xx 000 0 und d | ||
| 041 | _aeng | ||
| 082 |
_a612/BHI _b11915 |
||
| 100 | _aDR.S.B. BHISE | ||
| 245 | _aHUMAN ANATOMY AND PHYSIOLOGY -II | ||
| 250 | _a11TH | ||
| 260 |
_aPUNE _bNIRALI PRAKASHAN _c2024 |
||
| 300 | _a8.14p | ||
| 650 | _aHUMAN ANATOMY AND PHYSIOLOGY - II | ||
| 650 | _aPHARMACOLOGY | ||
| 700 | _aDR. A.V. YADAV | ||
| 999 |
_c1219407 _d1219407 |
||